|
|
|
|
| LEADER |
01007nam a22002537a 4500 |
| 001 |
28970 |
| 003 |
BD-DhAAL |
| 005 |
20150331153702.0 |
| 008 |
150331s2006 enka 000 0 eng d |
| 020 |
|
|
|a 9604033700
|
| 040 |
|
|
|a BD-DhAAL
|c BD-DhAAL
|
| 041 |
|
|
|a eng
|
| 082 |
0 |
4 |
|2 23
|a 428.0076
|
| 100 |
1 |
|
|a Piniaris, Diane Flanel,
|e author.
|9 10265
|
| 245 |
1 |
0 |
|a Michigan proficiency preliminary practice tests for the Michigan ECPE /
|c Diane Flanel Piniaris.
|
| 260 |
|
|
|a England :
|b New Editons,
|c 2006
|
| 300 |
|
|
|a 183 p. :
|b ill. ;
|c 28 cm.
|
| 541 |
|
|
|e 28970
|
| 650 |
|
0 |
|a Examination for the Certificate of Proficiency in English
|v Study guides
|9 10266
|
| 650 |
|
0 |
|a English language
|v Study guides.
|x Examinations
|9 10267
|
| 650 |
|
0 |
|a English language
|x Ability testing.
|9 10268
|
| 942 |
|
|
|2 ddc
|c BK
|
| 999 |
|
|
|c 34195
|d 34195
|
| 952 |
|
|
|0 0
|1 0
|2 ddc
|4 0
|6 428_007600000000000_PIN
|7 0
|9 53372
|a BRACUL
|b BRACUL
|c GEN
|d 2015-03-31
|e Trim Education
|g 3995.00
|l 2
|m 2
|o 428.0076 PIN
|p 3010028970
|r 2020-02-05
|s 2020-01-18
|t 1
|w 2015-03-31
|y BK
|